• 首页
  • 本馆介绍
  • 公告通知
  • 最新文献
  • 馆藏检索
  • 电子资源
  • 读者导购
  • 参考咨询
  • 我的图书馆
  • 登录
  • 详细信息显示
  • 放入我的书架
  • 预约/预借图书
  • 作者相关作品
  • 分类相关作品
  • 丛书相关作品
  • 出版社相关作品

书目信息

  • 表格格式
  • 工作单格式
  • 卡片格式
题名:
中华人民共和国水文地质图集
    
 
作者: ;国家地质总局水文地质工程地质研究室 主编
分册:  
出版信息: 北京   地图出版社出版  1979.06
页数: 68页
开本: 28cm
丛书名:
单 册:
中图分类: P64
科图分类:
主题词: 水文地质 , 工程地质
电子资源:
ISBN:
000 00752nam0 2200181 450
001 202411152495714730
005 20241115083727.82
100    @a20241115d km y0chiy0120 ea
101 0  @achi
200 1  @a中华人民共和国水文地质图集@AZhong Hua Ren Min Gong He Guo Shui Wen Di Zhi Tu Ji@f国家地质总局水文地质工程地质研究室主编@FGuo Jia Di Zhi Zong Ju Shui Wen Di Zhi Gong Cheng Di Zhi Yan Jiu Shi Zhu Bian
210    @a北京@c地图出版社出版@d1979.06
215    @a68页@d28cm
606 0  @a水文地质
606 0  @a工程地质
690    @aP64@v4
711 02 @a国家地质总局水文地质工程地质研究室@AGuo Jia Di Zhi Zong Ju Shui Wen Di Zhi Gong Cheng Di Zhi Yan Jiu Shi@4主编
801  0 @aCN@b大连网信软件有限公司图书馆·11@c20241115
905    @aZUCC@b1439253@dP64@e176@f1
    
    中华人民共和国水文地质图集/国家地质总局水文地质工程地质研究室主编.-北京:地图出版社出版,1979.06
    68页;28cm
    
    
    ISBN :
    
●
相关链接 在E读中查询图书 在五车中查询图书 在当当中查询图书 在豆瓣中查询图书


正题名:中华人民共和国水文地质图集     索取号:P64/176         预约/预借

序号 登录号 条形码 馆藏地/架位号 状态 备注
1 1439253   214392539   密集书库-资源管理系/ [索取号:P64/176] 在馆    
唐山师范学院图书馆 欢迎您!
大连网信软件有限公司© 版权所有